| 000 -LEADER |
| fixed length control field |
01059nam a22002297a 4500 |
| 001 - CONTROL NUMBER |
| control field |
12455 |
| 003 - CONTROL NUMBER IDENTIFIER |
| control field |
BD-DhUAP |
| 005 - DATE AND TIME OF LATEST TRANSACTION |
| control field |
20201116113405.0 |
| 008 - FIXED-LENGTH DATA ELEMENTS--GENERAL INFORMATION |
| fixed length control field |
201111r20082003bg ||||| |||| 00| 0 eng d |
| 020 ## - INTERNATIONAL STANDARD BOOK NUMBER |
| International Standard Book Number |
9844151619 |
| 040 ## - CATALOGING SOURCE |
| Original cataloging agency |
BD-DhUAP |
| Language of cataloging |
Ben |
| Transcribing agency |
BD-DhUAP |
| Modifying agency |
BD-DhUAP |
| 082 ## - DEWEY DECIMAL CLASSIFICATION NUMBER |
| Edition number |
23 |
| Classification number |
190.9 RUS |
| 100 ## - MAIN ENTRY--PERSONAL NAME |
| Personal name |
রাসেল, বার্ট্রান্ড। |
| 245 ## - TITLE STATEMENT |
| Title |
পাশ্চাত্য দর্শনের ইতিহাস / |
| Statement of responsibility, etc. |
বার্ট্রান্ড রাসেল ; প্রদীপ রায় অনূদিত। |
| 260 ## - PUBLICATION, DISTRIBUTION, ETC. |
| Place of publication, distribution, etc. |
ঢাকা : |
| Name of publisher, distributor, etc. |
মাওলা ব্রাদার্স, |
| Date of publication, distribution, etc. |
c২০০৩ [মুদ্রণ ২০০৮]। |
| 300 ## - PHYSICAL DESCRIPTION |
| Extent |
১৯৯ পৃষ্ঠা ; |
| Dimensions |
২২ সে.মি.। |
| 500 ## - GENERAL NOTE |
| General note |
নিঘন্ট সম্বলিত । |
| 501 ## - WITH NOTE |
| With note |
পুস্তক-৩ আধুনিক দর্শন : খণ্ড-১ : রেনেসাঁ থেকে হিউম । |
| 650 ## - SUBJECT ADDED ENTRY--TOPICAL TERM |
| Topical term or geographic name entry element |
Philosophy. |
| 700 ## - ADDED ENTRY--PERSONAL NAME |
| Personal name |
রায়, প্রদীপ। |
| 942 ## - ADDED ENTRY ELEMENTS (KOHA) |
| Source of classification or shelving scheme |
|
| Koha item type |
Book |